Battle for Dream Island Challenges - Statistics

General Stats
  • This quiz has been taken 26 times
  • The average score is 6 of 21
Answer Stats
Hint Answer % Correct
Take the Plunge 1a Stay on a balance beam the longest
95%
Sweet Tooth Make a cake / Eat a hundred chocolate balls / Break a tie
59%
Barriers and Pitfalls Complete an obstacle course
55%
Bridge Crossing Cross a bridge / break a tie
50%
Bowling: Now with Explosions! Bowling
41%
Vomitaco Stay on a platform on a giant barf bag the longest / Make a taco
36%
Take the Plunge 1b Build a boat and sail across the Goiky Canal
32%
Are You Smarter Than a Snowball? Solve a test
27%
Insectiphobe's Nightmare 6-legged race
18%
Rescission An unicycle race
18%
A Leg Up in the Race Climb a ladder
18%
Don't Pierce My Flesh Escape the volcano / A beauty contest
18%
Crybaby! Fill a tank with tears / Skiing race / Handstand contest
18%
Half a Loaf is Better Than None Collect loaves of bread and put them in your basket / Retrieve the Announcer's marble collection from a vat of acid / Jump hurdles
14%
Don't Lose Your Marbles Find and give a red ball to the Announcer
14%
Hurtful! Marathon of every previous challenge
14%
The Glistening A long jump
9%
Cycle of Life Relay race
9%
Power of Three Travel across three islands
9%
Gardening Hero Survive in space
5%
The Reveal Frisbee catching
0%
No matching quizzes found
Score Distribution
Percent of People with Each Score
Percentile by Number Answered
Your Score History
You have not taken this quiz